书目信息 |
| 题名: |
中國古代金飾
|
|
| 作者: | 關善明 , 孫機 著 | |
| 分册: | ||
| 出版信息: | 香港 沐文堂美術出版社有限公司 2003.09 |
|
| 页数: | 571页 | |
| 开本: | 30cm | |
| 丛书名: | ||
| 单 册: | ||
| 中图分类: | K876.43 | |
| 科图分类: | ||
| 主题词: | 文物--考古--中国 | |
| 电子资源: | ||
| ISBN: | 988-97206-1-2 | |
| 000 | 00599nam0 2200205 450 | |
| 001 | 1744471860 | |
| 005 | 20171201122511.98 | |
| 010 | @a988-97206-1-2@dCNY650.00 | |
| 100 | @a20171201d2003 km y0chiy0120 ea | |
| 101 | 0 | @achi |
| 102 | @aCN | |
| 200 | 1 | @a中國古代金飾@Azhong guo gu dai jin shi@f關善明, 孫機著@Fwan shan ming,xun ji zhu |
| 210 | @a香港@c沐文堂美術出版社有限公司@d2003.09 | |
| 215 | @a571页@d30cm | |
| 606 | 0 | @a文物@x考古@x中国 |
| 690 | @aK876.43@v4 | |
| 701 | 0 | @a關善明@Awan shan ming@4著 |
| 701 | 0 | @a孫機@Axun ji@4著 |
| 801 | 0 | @aCN@bMUSE@c20171201 |
| 905 | @aMUSE@dK876.43@eW334 | |
| 中國古代金飾/關善明, 孫機著.-香港:沐文堂美術出版社有限公司,2003.09 |
| 571页;30cm |
| ISBN 988-97206-1-2:CNY650.00 |
| ● |
| 相关链接 |
|
|
|
正题名:中國古代金飾
索取号:K876.43/W334
 
预约/预借
| 序号 | 登录号 | 条形码 | 馆藏地/架位号 | 状态 | 备注 |
| 1 | 1236950 | 212369505 | 艺术设计学院资料室/ [索取号:K876.43/W334] | 在馆 |